00370pab a2200145 454500008004000000100002000040245005800060260000900118300001400127362000800141650001800149650001600167700002500183773001600208180718b2008 xxu||||| |||| 00| 0 eng d aAllen, Patricia aAgrifood inequalities: globalization and localization c2008 ap.534-40. aDec aGlobalization aAgriculture aWilson, Alice Brooke aDevelopment